| 000 | 00751nam a22001937a 4500 | ||
|---|---|---|---|
| 999 |
_c176377 _d176377 |
||
| 005 | 20201230151711.0 | ||
| 010 | _aUR-10967 | ||
| 020 |
_c300.00 _a9789389733419 |
||
| 035 | _aU-9522 | ||
| 037 | _bDBAD/PUB | ||
| 082 | _a840.8 | ||
| 100 | _aمر تبہ؛کا مر ا ن غنی صبا | ||
| 245 |
_aمنصو ر خو شتر: صبح کا ا ستعا ر ہ _cمر تبہ؛کا مر ا ن غنی صبا |
||
| 246 |
_bMansoor Khushtar:Nai Subha Ka Istara (Urdu) _aEdited by Kamran Ghani Saba |
||
| 260 |
_aN.Delhi _bEducational Publishing House _c2019 ء |
||
| 270 |
_aH.O.D1/16,Ansari Road,Darya ganj, _bN.Delhi _e110002 _k45678285,23216162 _l0091-11-23211540 |
||
| 300 |
_a288 ص _c22 Cm(Hb) |
||
| 942 |
_2ddc _cUR _h840.8 _mص ب ا |
||